| 000 | 005770000a22001930004500 | ||
|---|---|---|---|
| 003 | LK-CoMWRAF | ||
| 005 | 20231207112023.0 | ||
| 008 | 230817t1992 ||||| |||| 00| 0 eng d | ||
| 020 | _a0425134822 | ||
| 040 |
_aLK-CoMWRAF _dLK-CoMWRAF _eLK-CoMWRAF |
||
| 041 | _aeng | ||
| 082 |
_a331.48 _bMIL |
||
| 100 | _aMilwid, Beth | ||
| 245 |
_aWorking with Men: _bwomen in the workplace talk about sexuality, success, and their male coworkers |
||
| 260 |
_aNew York: _bBerkley, _c1992 |
||
| 300 | _a271 p. ; 18 cm. | ||
| 650 | _aWomen in the professions--United States. | ||
| 942 | _cBK | ||
| 999 |
_c2433 _d2433 |
||